[Event "CHN-chT Div-A"]
[Site "Fuling"]
[Date "2024.06.29"]
[Round "4.3"]
[White "Lin, Chen"]
[Black "Wang, Chen"]
[Result "1/2-1/2"]
[WhiteElo "2484"]
[BlackElo "2490"]
[PlyCount "62"]
[EventDate "2024.06.26"]
[EventType "team-swiss"]
[EventRounds "11"]
[EventCountry "CHN"]
[SourceTitle "CBM 221 Extra"]
[Source "ChessBase"]
[SourceDate "2024.09.30"]
[SourceVersion "1"]
[SourceVersionDate "2024.09.30"]
[SourceQuality "1"]
[WhiteTeam "Jiangshu"]
[BlackTeam "Chongqing Ticai"]
[WhiteTeamCountry "CHN"]
[BlackTeamCountry "CHN"]

1. e4 e5 2. Nf3 Nc6 3. Nc3 Nf6 4. Bb5 Bb4 5. 0-0 0-0 6. Bxc6 dxc6 7. Nxe5 Re8 8. Nd3 Bxc3 9. dxc3 Nxe4 10. Bf4 Bf5 11. Re1 h6 12. Qf3 Bg6 13. Ne5 Nd6 14. Nxg6 fxg6 15. Bxd6 cxd6 16. g3 Qf6 17. Qxf6 gxf6 18. c4 Kf7 19. Kf1 Rxe1+ 20. Rxe1 Re8 21. Rxe8 Kxe8 22. Ke2 Ke7 23. f4 f5 24. h4 h5 25. a4 a5 26. b3 c5 27. Ke3 Ke6 28. Kd3 Kd7 29. Ke3 Ke6 30. Kd3 Kd7 31. Ke3 Ke6 1/2-1/2

[Event "CHN-chT"]
[Site "Qingdao"]
[Date "2024.04.08"]
[Round "7.3"]
[White "Wang, Shixu B"]
[Black "Wang, Chen"]
[Result "1/2-1/2"]
[WhiteElo "2429"]
[BlackElo "2485"]
[PlyCount "124"]
[EventDate "2024.04.02"]
[EventType "team-swiss"]
[EventRounds "9"]
[EventCountry "CHN"]
[SourceTitle "CBM 219 Extra"]
[Source "ChessBase"]
[SourceDate "2024.05.31"]
[SourceVersion "1"]
[SourceVersionDate "2024.05.31"]
[SourceQuality "1"]
[WhiteTeam "Tianjin"]
[BlackTeam "Chongqing"]
[WhiteTeamCountry "CHN"]
[BlackTeamCountry "CHN"]

1. d4 Nf6 2. c4 e6 3. Nf3 Bb4+ 4. Bd2 Bxd2+ 5. Qxd2 0-0 6. Nc3 d5 7. e3 Qe7 8. Rc1 Rd8 9. cxd5 exd5 10. Bd3 c6 11. Qc2 Nbd7 12. 0-0 Nf8 13. h3 Ne8 14. e4 dxe4 15. Nxe4 Nf6 16. Nc5 Nd5 17. Rfe1 Qc7 18. a3 h6 19. Re5 Nf4 20. Bc4 Be6 21. Nxe6 N4xe6 22. Rce1 Rd6 23. Qc3 Rad8 24. a4 Ng6 25. R5e4 Ngf4 26. Ne5 Nd5 27. Qg3 Qe7 28. Ng4 Kh8 29. Re5 Qf8 30. Rh5 f6 31. Ne3 Qf7 32. Rh4 f5 33. Nxd5 cxd5 34. Bd3 Nf8 35. Qf3 Rf6 36. Qh5 Ng6 37. Qg5 Nxh4 38. Qxh4 Re8 39. Rc1 Rc6 40. Rf1 Rb6 41. Qf4 Qf6 42. Bb5 Rf8 43. Qd2 a6 44. Be2 Rc8 45. Rd1 Rbc6 46. Bf3 Rc2 47. Qe3 Rxb2 48. Bxd5 Rb4 49. Bb3 Qb6 50. Rd3 f4 51. Qf3 Qd6 52. d5 Re8 53. Kh2 Rbe4 54. Rc3 Re3 55. Qh5 R3e5 56. Qf3 Re3 57. Qh5 Rxc3 58. Qxe8+ Kh7 59. Ba2 Qg6 60. Qe1 Qf6 61. d6 Rc8 62. Qe4+ Kh8 1/2-1/2

[Event "Biel HTO 56th"]
[Site "Biel"]
[Date "2023.07.23"]
[Round "6"]
[White "Albornoz Cabrera, Carlos Daniel"]
[Black "Wang, Chen"]
[Result "1-0"]
[WhiteElo "2591"]
[BlackElo "2477"]
[PlyCount "119"]
[EventDate "2023.07.17"]
[EventType "swiss"]
[EventRounds "10"]
[EventCountry "SUI"]
[SourceTitle "CBM 215 Extra"]
[Source "ChessBase"]
[SourceDate "2023.09.30"]
[SourceVersion "1"]
[SourceVersionDate "2023.09.30"]
[SourceQuality "1"]

1. e4 c5 2. Nf3 e6 3. d4 cxd4 4. Nxd4 Nc6 5. Nc3 a6 6. Qd3 Qc7 7. Nxc6 Qxc6 8. a4 Bc5 9. Be2 Ne7 10. 0-0 0-0 11. Be3 d6 12. Rfd1 e5 13. Bxc5 dxc5 14. Qg3 Ng6 15. Bc4 Be6 16. Bd5 Qc7 17. Rd2 Rfd8 18. Rad1 Nf8 19. h4 f6 20. Qh3 Kf7 21. Bxe6+ Nxe6 22. Nd5 Qc6 23. Qf5 h6 24. h5 Qe8 25. Qh7 Nf8 26. Qf5 Qe6 27. Qf3 Rd7 28. Qe3 Qc6 29. a5 Rad8 30. Qg3 Qa4 31. Qg4 Qxa5 32. Rd3 Qa4 33. Rg3 Ke8 34. Rdd3 Qxc2 35. Rc3 Qb1+ 36. Kh2 b6 37. b4 Rxd5 38. exd5 Qxb4 39. Qxg7 Qh4+ 40. Kg1 Rd7 41. Qg8 Qxh5 42. Rc1 Qf7 43. Qh8 a5 44. Re1 Rd6 45. Rg7 Qxd5 46. Rc7 a4 47. Ra7 c4 48. Qxh6 b5 49. Qg7 Nd7 50. Qh8+ Nf8 51. Re3 b4 52. Rg3 Rd7 53. Rxd7 Qxd7 54. Qxf6 Qe6 55. Qf3 e4 56. Qh5+ Ke7 57. Qc5+ Qd6 58. Rg7+ Ke6 59. Qxc4+ Ke5 60. Rg5+ 1-0

[Event "Biel HTO 56th"]
[Site "Biel"]
[Date "2023.07.20"]
[Round "4"]
[White "Haimovich, Tal"]
[Black "Wang, Chen"]
[Result "0-1"]
[WhiteElo "2374"]
[BlackElo "2477"]
[PlyCount "86"]
[EventDate "2023.07.17"]
[EventType "swiss"]
[EventRounds "10"]
[EventCountry "SUI"]
[SourceTitle "CBM 215 Extra"]
[Source "ChessBase"]
[SourceDate "2023.09.30"]
[SourceVersion "1"]
[SourceVersionDate "2023.09.30"]
[SourceQuality "1"]

1. e4 c5 2. Nf3 e6 3. d4 cxd4 4. Nxd4 Nc6 5. Nc3 a6 6. Be3 Nf6 7. Bd3 b5 8. 0-0 Bb7 9. Nxc6 Bxc6 10. e5 Nd5 11. Nxd5 Bxd5 12. Qe2 Qc7 13. f4 Bc5 14. Bxc5 Qxc5+ 15. Qf2 Qxf2+ 16. Kxf2 Ke7 17. Rfe1 Rhc8 18. c3 Rab8 19. g3 a5 20. Be4 b4 21. Bxd5 exd5 22. cxb4 Rxb4 23. Re2 Rcb8 24. b3 a4 25. bxa4 Rxa4 26. Rd1 Rb5 27. Kf3 Rba5 28. Rdd2 Ke6 29. Kg4 d4 30. f5+ Kd5 31. Kf4 d3+ 32. Kf3 Kc4 33. Re3 Rd5 34. Re4+ Rd4 35. e6 fxe6 36. fxe6 dxe6 37. Rxe6 Kc3 38. Rd1 Kc2 39. Ra1 d2 40. Re2 Ra3+ 41. Kf2 Rd7 42. Kg2 Rda7 43. Re6 Rc7 0-1

[Event "Biel HTO 56th"]
[Site "Biel"]
[Date "2023.07.18"]
[Round "2"]
[White "Aarav, Dengla"]
[Black "Wang, Chen"]
[Result "1/2-1/2"]
[WhiteElo "2343"]
[BlackElo "2477"]
[PlyCount "46"]
[EventDate "2023.07.17"]
[EventType "swiss"]
[EventRounds "10"]
[EventCountry "SUI"]
[SourceTitle "CBM 215 Extra"]
[Source "ChessBase"]
[SourceDate "2023.09.30"]
[SourceVersion "1"]
[SourceVersionDate "2023.09.30"]
[SourceQuality "1"]

1. e4 c5 2. Nf3 e6 3. d4 cxd4 4. Nxd4 Nc6 5. Nc3 a6 6. Be3 Nf6 7. Nxc6 bxc6 8. e5 Nd5 9. Nxd5 cxd5 10. Bd3 Qc7 11. Bd4 Bc5 12. Qg4 0-0 13. Qh4 g6 14. Bxc5 Qxc5 15. 0-0 d6 16. Qe7 Ra7 17. Qxd6 Qxd6 18. exd6 Rd8 19. c4 dxc4 20. Bxc4 Rxd6 21. Rfd1 Rad7 22. Rxd6 Rxd6 23. b4 Bd7 1/2-1/2

[Event "Benasque op 42nd"]
[Site "Benasque"]
[Date "2023.07.13"]
[Round "9"]
[White "Sadhwani, Raunak"]
[Black "Wang, Chen"]
[Result "1-0"]
[WhiteElo "2608"]
[BlackElo "2477"]
[PlyCount "101"]
[EventDate "2023.07.05"]
[EventType "swiss"]
[EventRounds "9"]
[EventCountry "ESP"]
[SourceTitle "EXT 2024"]
[Source "ChessBase"]
[SourceDate "2023.10.10"]
[SourceVersion "1"]
[SourceVersionDate "2023.10.10"]
[SourceQuality "1"]

1. d4 Nf6 2. c4 e6 3. g3 Bb4+ 4. Bd2 Be7 5. Bg2 c6 6. e4 d5 7. e5 Ne4 8. Qg4 Nxd2 9. Qxg7 Rf8 10. Nxd2 Qb6 11. Ngf3 Qxb2 12. 0-0 Qc2 13. Qh6 Na6 14. Rfc1 Qg6 15. Qe3 Nc7 16. Rab1 Rg8 17. Qc3 Kf8 18. h4 Kg7 19. Bh3 Kh8 20. Kh2 c5 21. a4 b6 22. Bg2 Ba6 23. dxc5 Bxc5 24. Nd4 Rad8 25. N2b3 Ba3 26. c5 Bxc1 27. Rxc1 Bc4 28. Nc6 Rde8 29. Nd2 Bd3 30. Nxa7 bxc5 31. Qxc5 Na6 32. Qd4 Rb8 33. Nc6 Rb7 34. Rc3 Rc7 35. Qb6 Rgc8 36. Nf3 Nb8 37. Ne7 Rxc3 38. Nxg6+ Bxg6 39. a5 Rc2 40. g4 Nd7 41. Qd6 Nc5 42. h5 Be4 43. Qe7 Kg8 44. h6 Nd3 45. Ng5 Rxf2 46. Nxe4 dxe4 47. Kg3 e3 48. Qg5+ Kf8 49. Qxe3 Rcc2 50. Be4 f5 51. exf6 1-0

[Event "Benasque op 42nd"]
[Site "Benasque"]
[Date "2023.07.12"]
[Round "8"]
[White "Wang, Chen"]
[Black "Dardha, Daniel"]
[Result "1-0"]
[WhiteElo "2477"]
[BlackElo "2600"]
[PlyCount "83"]
[EventDate "2023.07.05"]
[EventType "swiss"]
[EventRounds "9"]
[EventCountry "ESP"]
[SourceTitle "EXT 2024"]
[Source "ChessBase"]
[SourceDate "2023.10.10"]
[SourceVersion "1"]
[SourceVersionDate "2023.10.10"]
[SourceQuality "1"]

1. e4 c5 2. Nf3 Nc6 3. Bb5 e6 4. 0-0 Nge7 5. c3 a6 6. Ba4 b5 7. Bc2 Bb7 8. Re1 Rc8 9. a4 Ng6 10. Na3 Qb6 11. Qe2 Nf4 12. Qf1 c4 13. axb5 axb5 14. d4 cxd3 15. Bxf4 dxc2 16. Qxb5 Qxb5 17. Nxb5 f6 18. Bd6 Be7 19. Rec1 Nd8 20. Nd2 Nf7 21. Bxe7 Kxe7 22. Ra7 Rb8 23. Nd4 Nd6 24. f3 Rhc8 25. Nxc2 Ba8 26. Rb1 g5 27. Nb4 g4 28. Kf2 gxf3 29. gxf3 f5 30. exf5 Nxf5 31. Rd1 Bd5 32. Ne4 Rc4 33. Nxd5+ exd5 34. Rxd5 Rxb2+ 35. Ke1 Nh4 36. Rdxd7+ Ke6 37. Re7+ Kd5 38. Rad7+ Kc6 39. Rc7+ Kd5 40. Rcd7+ Kc6 41. Rd6+ Kb5 42. Rb7+ 1-0

[Event "Benasque op 42nd"]
[Site "Benasque"]
[Date "2023.07.08"]
[Round "5"]
[White "Martirosyan, Haik M"]
[Black "Wang, Chen"]
[Result "1-0"]
[WhiteElo "2685"]
[BlackElo "2477"]
[PlyCount "142"]
[EventDate "2023.07.05"]
[EventType "swiss"]
[EventRounds "9"]
[EventCountry "ESP"]
[SourceTitle "EXT 2024"]
[Source "ChessBase"]
[SourceDate "2023.10.10"]
[SourceVersion "1"]
[SourceVersionDate "2023.10.10"]
[SourceQuality "1"]

1. d4 Nf6 2. c4 e6 3. g3 d5 4. Nf3 g6 5. Bg2 Bg7 6. 0-0 0-0 7. Nc3 Ne4 8. Qc2 Nxc3 9. bxc3 Nc6 10. e4 dxe4 11. Qxe4 Re8 12. Bg5 f6 13. Be3 Na5 14. Nd2 Bd7 15. Qd3 e5 16. Nb3 Bf5 17. Qe2 exd4 18. cxd4 c6 19. d5 Nxb3 20. axb3 Be4 21. Bxe4 Rxe4 22. dxc6 bxc6 23. Ra6 f5 24. Rd1 Qc8 25. c5 Bh6 26. Rd6 Bxe3 27. fxe3 Qb7 28. Qd3 Rae8 29. Rd7 Qb4 30. Raxa7 Qxc5 31. Rg7+ Kh8 32. Rxh7+ Kg8 33. Rag7+ Kf8 34. Rd7 Kg8 35. Rhg7+ Kh8 36. Rxg6 Rxe3 37. Qd4+ Qxd4 38. Rxd4 Kh7 39. Rg5 R8e4 40. Rd7+ Kh6 41. Rxf5 Rxb3 42. Rd6+ Kg7 43. Rxc6 Re2 44. Rf2 Rb1+ 45. Kg2 Rxf2+ 46. Kxf2 Rb2+ 47. Kg1 Ra2 48. Rc4 Kg6 49. Rf4 Kg5 50. Rf2 Ra4 51. Kg2 Rb4 52. Re2 Kf5 53. Kf3 Ra4 54. Re3 Rb4 55. h3 Ra4 56. g4+ Kg5 57. Kg3 Ra6 58. h4+ Kg6 59. h5+ Kh6 60. Kh4 Ra4 61. Re6+ Kg7 62. Rb6 Rc4 63. h6+ Kh7 64. Kh5 Rc1 65. Rb7+ Kh8 66. g5 Rc5 67. Re7 Ra5 68. Kg6 Ra6+ 69. Kf5 Ra5+ 70. Re5 Ra8 71. g6 Rb8 1-0

[Event "CHN-chT"]
[Site "Hangzhou"]
[Date "2023.05.23"]
[Round "5.2"]
[White "Xiu, Deshun"]
[Black "Wang, Chen"]
[Result "1/2-1/2"]
[WhiteElo "2514"]
[BlackElo "2486"]
[PlyCount "70"]
[EventDate "2023.05.19"]
[EventType "team-swiss"]
[EventRounds "9"]
[EventCountry "CHN"]
[SourceTitle "CBM 214 Extra"]
[Source "ChessBase"]
[SourceDate "2023.07.31"]
[SourceVersion "1"]
[SourceVersionDate "2023.07.31"]
[SourceQuality "1"]
[WhiteTeam "Beijing"]
[BlackTeam "Chongqing"]
[WhiteTeamCountry "CHN"]
[BlackTeamCountry "CHN"]

1. e4 e5 2. Nf3 Nc6 3. Nc3 Nf6 4. d4 exd4 5. Nxd4 Bb4 6. Nxc6 bxc6 7. Bd3 0-0 8. 0-0 d5 9. exd5 cxd5 10. Bg5 c6 11. Qf3 Bd6 12. Ne2 Bg4 13. Bxf6 Bxf3 14. Bxd8 Bxe2 15. Bxe2 Rfxd8 16. Bd3 Re8 17. Rfe1 Kf8 18. Kf1 g6 19. g3 Rxe1+ 20. Rxe1 Re8 21. Re2 Rxe2 22. Kxe2 Ke7 23. c3 Be5 24. Kd2 Kd6 25. b4 c5 26. bxc5+ Kxc5 27. Bc2 Kd6 28. Kd3 Kc5 29. Bb3 Kd6 30. c4 dxc4+ 31. Bxc4 Ke7 32. Ke2 Kf8 33. Ke1 Ke7 34. Bf1 Bh8 35. Ke2 Kd6 1/2-1/2

[Event "CHN-chT"]
[Site "Hangzhou"]
[Date "2023.05.21"]
[Round "3.2"]
[White "Wang, Chen"]
[Black "Chu, Wei Chao"]
[Result "1/2-1/2"]
[WhiteElo "2486"]
[BlackElo "2423"]
[PlyCount "65"]
[EventDate "2023.05.19"]
[EventType "team-swiss"]
[EventRounds "9"]
[EventCountry "CHN"]
[SourceTitle "CBM 214 Extra"]
[Source "ChessBase"]
[SourceDate "2023.07.31"]
[SourceVersion "1"]
[SourceVersionDate "2023.07.31"]
[SourceQuality "1"]
[WhiteTeam "Chongqing"]
[BlackTeam "Tianjin"]
[WhiteTeamCountry "CHN"]
[BlackTeamCountry "CHN"]

1. e4 c5 2. Nf3 d6 3. Bb5+ Bd7 4. Bxd7+ Qxd7 5. 0-0 Nc6 6. c3 Nf6 7. Re1 e6 8. d4 cxd4 9. cxd4 d5 10. e5 Ne4 11. Nbd2 Nxd2 12. Bxd2 Bb4 13. Rc1 Bxd2 14. Qxd2 0-0 15. Rc3 Rfc8 16. Rec1 Ne7 17. g3 h6 18. Kg2 Rxc3 19. Rxc3 Rc8 20. Qc2 Rc6 21. Ne1 Qc7 22. Rxc6 Qxc6 23. Qxc6 Nxc6 24. Nc2 Kf8 25. Kf3 Ke7 26. Ke3 Kd7 27. f4 h5 28. Kd2 g6 29. Ke3 Kc7 30. Kd2 Kd7 31. Ke3 Kc7 32. Kd2 Kd7 33. Ke3 1/2-1/2

[Event "CHN-chT"]
[Site "Nanjing"]
[Date "2023.02.18"]
[Round "5.2"]
[White "Lin, Chen"]
[Black "Wang, Chen"]
[Result "1/2-1/2"]
[WhiteElo "2488"]
[BlackElo "2477"]
[PlyCount "63"]
[EventDate "2023.02.14"]
[EventType "team-swiss"]
[EventRounds "9"]
[EventCountry "CHN"]
[SourceTitle "CBM 212 Extra"]
[Source "ChessBase"]
[SourceDate "2023.03.31"]
[SourceVersion "1"]
[SourceVersionDate "2023.03.31"]
[SourceQuality "1"]
[WhiteTeam "Jiangsu"]
[BlackTeam "Chongqing"]
[WhiteTeamCountry "CHN"]
[BlackTeamCountry "CHN"]

1. d4 d5 2. Nf3 Nf6 3. Bf4 Bf5 4. e3 e6 5. Bd3 Bxd3 6. Qxd3 Bd6 7. Bxd6 cxd6 8. 0-0 0-0 9. c4 dxc4 10. Qxc4 Nc6 11. Nc3 Rc8 12. Rac1 Ne5 13. Qe2 Nxf3+ 14. Qxf3 d5 15. Qe2 Qd7 16. Rc2 Rc7 17. Rfc1 Rfc8 18. Qd3 Ne8 19. Ne2 Rxc2 20. Rxc2 Rxc2 21. Qxc2 Nd6 22. g3 Qc8 23. Qxc8+ Nxc8 24. Nc1 Nd6 25. Nd3 Kf8 26. Kf1 Ke7 27. Ke2 Kd7 28. Kd2 Ne4+ 29. Ke2 Nd6 30. Kd2 Ne4+ 31. Ke2 Nd6 32. Kd2 1/2-1/2

[Event "CHN-chT"]
[Site "Liaocheng"]
[Date "2021.10.21"]
[Round "2.3"]
[White "Wang, Chen"]
[Black "Li, Wenxiang"]
[Result "1/2-1/2"]
[WhiteElo "2487"]
[BlackElo "2273"]
[PlyCount "61"]
[EventDate "2021.10.20"]
[EventType "team-swiss"]
[EventRounds "9"]
[EventCountry "CHN"]
[SourceTitle "CBM 204 Extra"]
[Source "ChessBase"]
[SourceDate "2021.11.30"]
[SourceVersion "1"]
[SourceVersionDate "2021.11.30"]
[SourceQuality "1"]
[WhiteTeam "Chongqing"]
[BlackTeam "Qingdao"]
[WhiteTeamCountry "CHN"]
[BlackTeamCountry "CHN"]

1. e4 c6 2. d4 d5 3. e5 Bf5 4. Nf3 e6 5. Be2 Nd7 6. 0-0 Ne7 7. a4 Nc8 8. a5 a6 9. Nbd2 Be7 10. Nb3 0-0 11. Bd3 Bg6 12. Bxg6 hxg6 13. Be3 Qc7 14. Rc1 b5 15. axb6 Ncxb6 16. Bg5 Qd8 17. Bxe7 Qxe7 18. Ra1 c5 19. Ra2 Nc4 20. Nxc5 Nxc5 21. dxc5 Qxc5 22. Qd3 Rfc8 23. b3 Na5 24. Ra4 Nc6 25. c4 dxc4 26. Rxc4 Nxe5 27. Nxe5 Qxe5 28. Rxc8+ Rxc8 29. Qxa6 Rb8 30. Rb1 Qc3 31. Qd6 1/2-1/2

[Event "CHN-chT"]
[Site "Liaocheng"]
[Date "2021.10.20"]
[Round "1.3"]
[White "Peng, Hongchi"]
[Black "Wang, Chen"]
[Result "1/2-1/2"]
[WhiteElo "2374"]
[BlackElo "2487"]
[PlyCount "64"]
[EventDate "2021.10.20"]
[EventType "team-swiss"]
[EventRounds "9"]
[EventCountry "CHN"]
[SourceTitle "CBM 204 Extra"]
[Source "ChessBase"]
[SourceDate "2021.11.30"]
[SourceVersion "1"]
[SourceVersionDate "2021.11.30"]
[SourceQuality "1"]
[WhiteTeam "Beijing"]
[BlackTeam "Chongqing"]
[WhiteTeamCountry "CHN"]
[BlackTeamCountry "CHN"]

1. d4 Nf6 2. c4 e6 3. Nf3 Bb4+ 4. Bd2 Qe7 5. g3 b6 6. Bg2 Bb7 7. 0-0 Bxd2 8. Nbxd2 0-0 9. Qc2 d6 10. b4 c5 11. a3 Nc6 12. Qb2 cxd4 13. Nxd4 Nxd4 14. Qxd4 Bxg2 15. Kxg2 d5 16. cxd5 Nxd5 17. Nf3 Rfd8 18. Qb2 b5 19. Rac1 Rac8 20. Rxc8 Rxc8 21. Rc1 Rc7 22. Rxc7 Qxc7 23. Qe5 Qxe5 24. Nxe5 Ne7 25. f4 f6 26. Nd7 Nc6 27. Nc5 Kf7 28. Nb3 Ke7 29. Kf3 Kd6 30. e4 e5 31. h4 h5 32. Ke3 g6 1/2-1/2

[Event "Belt and Road Hunan op-A"]
[Site "Changsha"]
[Date "2019.08.04"]
[Round "7"]
[White "Wang, Chen"]
[Black "Zou, Chen"]
[Result "1-0"]
[WhiteElo "2476"]
[BlackElo "2440"]
[PlyCount "109"]
[EventDate "2019.07.29"]
[EventType "swiss"]
[EventRounds "9"]
[EventCountry "CHN"]
[SourceTitle "CBM 191 Extra"]
[Source "ChessBase"]
[SourceDate "2019.09.30"]
[SourceVersion "1"]
[SourceVersionDate "2019.09.30"]
[SourceQuality "1"]

1. e4 c5 2. Nf3 d6 3. Bb5+ Nd7 4. c3 Ngf6 5. Qe2 a6 6. Ba4 b5 7. Bc2 Bb7 8. 0-0 e6 9. d4 Be7 10. Nbd2 0-0 11. Re1 Qc7 12. Nf1 Rac8 13. Bd3 Rfe8 14. Ng3 Bf8 15. h3 e5 16. d5 c4 17. Bc2 a5 18. Be3 Ba6 19. Nh2 g6 20. Ng4 Nxg4 21. hxg4 b4 22. Ba4 Rb8 23. Rec1 Rec8 24. Bc6 Nc5 25. Bxc5 dxc5 26. Nf1 Bh6 27. Ne3 Rb6 28. Rd1 Rcb8 29. Nxc4 bxc3 30. bxc3 Qd8 31. a4 Bxc4 32. Qxc4 Qh4 33. Qe2 Bf4 34. g3 Bxg3 35. fxg3 Qxg3+ 36. Qg2 Qe3+ 37. Qf2 Qxe4 38. Bb5 Qxg4+ 39. Qg2 Qf4 40. Rf1 Qe3+ 41. Qf2 Qg5+ 42. Qg2 Qe3+ 43. Qf2 Qg5+ 44. Kh1 Qe7 45. Rae1 f5 46. Qg3 Rf8 47. Rxe5 Qg7 48. Rfe1 f4 49. Qh4 h5 50. Re6 Rxe6 51. dxe6 Qb7+ 52. Kg1 f3 53. e7 f2+ 54. Qxf2 Rxf2 55. Kxf2 1-0

[Event "Belt and Road Hunan op-A"]
[Site "Changsha"]
[Date "2019.08.02"]
[Round "5"]
[White "Wang, Chen"]
[Black "Xie, Jianjun"]
[Result "1-0"]
[WhiteElo "2476"]
[BlackElo "2417"]
[PlyCount "87"]
[EventDate "2019.07.29"]
[EventType "swiss"]
[EventRounds "9"]
[EventCountry "CHN"]
[SourceTitle "CBM 191 Extra"]
[Source "ChessBase"]
[SourceDate "2019.09.30"]
[SourceVersion "1"]
[SourceVersionDate "2019.09.30"]
[SourceQuality "1"]

1. e4 d6 2. d4 Nf6 3. Nc3 c6 4. Nf3 Bg4 5. h3 Bh5 6. g4 Bg6 7. Qe2 e6 8. h4 h5 9. g5 Nfd7 10. Bh3 Be7 11. 0-0 d5 12. Re1 Nf8 13. exd5 cxd5 14. Qb5+ Qd7 15. Nxd5 Qxb5 16. Nc7+ Kd8 17. Nxb5 a6 18. Nc3 Bxc2 19. d5 Nbd7 20. dxe6 Nxe6 21. Bxe6 fxe6 22. Nd4 Bf5 23. Nxe6+ Bxe6 24. Rxe6 Bc5 25. Bf4 Re8 26. Rxe8+ Kxe8 27. Ne4 Rc8 28. Rc1 Rc6 29. Kg2 Ke7 30. Bd2 Bd4 31. Rxc6 bxc6 32. b3 Ke6 33. f4 g6 34. Kf3 Nc5 35. Ng3 Bb2 36. f5+ gxf5 37. Nxh5 Ne4 38. Nf4+ Kf7 39. Be1 Bc3 40. Bxc3 Nxc3 41. h5 Nxa2 42. Nd3 Nc3 43. Ne5+ Kg7 44. Nxc6 1-0

[Event "Belt and Road Hunan op-A"]
[Site "Changsha"]
[Date "2019.08.01"]
[Round "4"]
[White "Lupulescu, Constantin"]
[Black "Wang, Chen"]
[Result "1-0"]
[WhiteElo "2649"]
[BlackElo "2476"]
[PlyCount "99"]
[EventDate "2019.07.29"]
[EventType "swiss"]
[EventRounds "9"]
[EventCountry "CHN"]
[SourceTitle "CBM 191 Extra"]
[Source "ChessBase"]
[SourceDate "2019.09.30"]
[SourceVersion "1"]
[SourceVersionDate "2019.09.30"]
[SourceQuality "1"]

1. e4 c5 2. Nf3 e6 3. d4 cxd4 4. Nxd4 Nc6 5. Nc3 a6 6. Nxc6 bxc6 7. Bd3 d5 8. 0-0 Nf6 9. Qe2 Be7 10. b3 Qc7 11. f4 Bb7 12. Bb2 h5 13. e5 Nd7 14. Na4 g6 15. c4 Nc5 16. Nxc5 Bxc5+ 17. Kh1 d4 18. Be4 Qb6 19. Rad1 0-0-0 20. Rd3 Rd7 21. a3 a5 22. Rb1 Kc7 23. Bc1 Ba6 24. Qc2 Rb8 25. b4 axb4 26. Rdb3 d3 27. Bxd3 Rbd8 28. Bd2 Be7 29. axb4 Kb8 30. Rf1 Qd4 31. Be1 Qa1 32. Bc3 Qa4 33. Be2 Bh4 34. g3 Be7 35. Ra1 Rd2 36. Qb1 Qxa1 37. Qxa1 Rxe2 38. Ra3 Bb7 39. c5 Rd3 40. Bd4 Rdd2 41. Bg1 Rb2 42. Rd3 Ra2 43. Qd4 Bc8 44. b5 cxb5 45. c6 Ra6 46. Rc3 Kc7 47. Rc1 b4 48. Qc4 Rd2 49. Bc5 Rxc6 50. Bd6+ 1-0

[Event "Belt and Road Hunan op-A"]
[Site "Changsha"]
[Date "2019.07.29"]
[Round "1"]
[White "Wang, Chen"]
[Black "Adhiban, Baskaran"]
[Result "1-0"]
[WhiteElo "2476"]
[BlackElo "2665"]
[PlyCount "73"]
[EventDate "2019.07.29"]
[EventType "swiss"]
[EventRounds "9"]
[EventCountry "CHN"]
[SourceTitle "CBM 191 Extra"]
[Source "ChessBase"]
[SourceDate "2019.09.30"]
[SourceVersion "1"]
[SourceVersionDate "2019.09.30"]
[SourceQuality "1"]

1. e4 c5 2. Nf3 d6 3. Bb5+ Nd7 4. c3 Ngf6 5. Qe2 a6 6. Ba4 b5 7. Bc2 Bb7 8. 0-0 c4 9. b3 Rc8 10. bxc4 bxc4 11. Na3 Nc5 12. Nxc4 Bxe4 13. d3 Bg6 14. Ba3 e6 15. Bxc5 Rxc5 16. Ba4+ Ke7 17. Nd4 Qc7 18. Rfe1 Be4 19. Nxd6 Bd5 20. c4 g6 21. Nxf7 Kxf7 22. cxd5 Qf4 23. dxe6+ Kg7 24. Qe3 Qxe3 25. fxe3 Be7 26. Rac1 Rxc1 27. Rxc1 Nd5 28. Rf1 Bf6 29. Nc2 Rc8 30. Bb3 Nb6 31. Nb4 a5 32. Nd5 Nxd5 33. Bxd5 Rc7 34. Rb1 Bg5 35. Kf2 Kf6 36. Kf3 Rc5 37. Bc4 1-0

[Event "CHN-chT"]
[Site "Daqing"]
[Date "2019.06.20"]
[Round "2.7"]
[White "Zhou, Yibo"]
[Black "Wang, Chen"]
[Result "0-1"]
[WhiteElo "1934"]
[BlackElo "2468"]
[PlyCount "72"]
[EventDate "2019.06.19"]
[EventType "team-swiss"]
[EventRounds "9"]
[EventCountry "CHN"]
[SourceTitle "CBM 191 Extra"]
[Source "ChessBase"]
[SourceDate "2019.09.30"]
[SourceVersion "1"]
[SourceVersionDate "2019.09.30"]
[SourceQuality "1"]
[WhiteTeam "Shanxi"]
[BlackTeam "Chongqing"]
[WhiteTeamCountry "CHN"]
[BlackTeamCountry "CHN"]

1. d4 Nf6 2. Nf3 b5 3. Bf4 Bb7 4. e3 a6 5. Bd3 e6 6. Nbd2 c5 7. c3 Nc6 8. a4 b4 9. e4 bxc3 10. bxc3 cxd4 11. cxd4 Nb4 12. Bb1 d5 13. e5 Ne4 14. 0-0 Nc3 15. Qe1 a5 16. Nb3 Nxb1 17. Qxb1 Ba6 18. Rd1 Rb8 19. Bg5 Qb6 20. Rc1 h6 21. Bd2 Be2 22. Nc5 Qa7 23. Rc3 Bc4 24. Nb3 Be7 25. Be3 Nc6 26. Nfd2 Bb4 27. Rxc4 dxc4 28. Nxc4 Qd7 29. Qe4 Qd5 30. Qd3 0-0 31. Rc1 Ne7 32. Ncd2 Rfc8 33. h3 Rxc1+ 34. Nxc1 Bxd2 35. Bxd2 Nc6 36. Bc3 Rd8 0-1

[Event "World University-ch"]
[Site "Aracaju"]
[Date "2018.09.18"]
[Round "9"]
[White "Krzyzanowski, Marcin"]
[Black "Wang, Chen"]
[Result "1/2-1/2"]
[WhiteElo "2477"]
[BlackElo "2470"]
[PlyCount "89"]
[EventDate "2018.09.13"]
[EventType "swiss"]
[EventRounds "9"]
[EventCountry "BRA"]
[SourceTitle "CBM 186 Extra"]
[Source "ChessBase"]
[SourceDate "2018.08.24"]
[SourceVersion "1"]
[SourceVersionDate "2018.08.24"]
[SourceQuality "1"]

1. e4 Nf6 2. e5 Nd5 3. d4 d6 4. c4 Nb6 5. exd6 cxd6 6. Nc3 g6 7. Be3 Bg7 8. Rc1 0-0 9. b3 Bf5 10. Be2 e5 11. dxe5 dxe5 12. Qxd8 Rxd8 13. c5 Nc8 14. Bf3 Nc6 15. Nge2 N8e7 16. 0-0 Rd7 17. Ne4 Bxe4 18. Bxe4 f5 19. Bxc6 Nxc6 20. Rfd1 Rad8 21. Rxd7 Rxd7 22. g3 Kf7 23. Nc3 Ke6 24. Kf1 Nb4 25. Na4 Rc7 26. a3 Nd5 27. b4 e4 28. Ke2 Nxe3 29. fxe3 h5 30. Rd1 Be5 31. Rd8 h4 32. gxh4 Rh7 33. c6 b6 34. h3 Bc7 35. Rg8 Kd5 36. Rxg6 Be5 37. Rg5 Kxc6 38. Rxf5 Kd6 39. h5 Ke6 40. Rg5 Bf6 41. Rg8 Rxh5 42. Ra8 Rh7 43. h4 Kd5 44. Rf8 Be5 45. Rc8 1/2-1/2

[Event "World University-ch"]
[Site "Aracaju"]
[Date "2018.09.15"]
[Round "5"]
[White "Gaehwiler, Gabriel"]
[Black "Wang, Chen"]
[Result "1/2-1/2"]
[WhiteElo "2436"]
[BlackElo "2470"]
[PlyCount "74"]
[EventDate "2018.09.13"]
[EventType "swiss"]
[EventRounds "9"]
[EventCountry "BRA"]
[SourceTitle "CBM 186 Extra"]
[Source "ChessBase"]
[SourceDate "2018.08.24"]
[SourceVersion "1"]
[SourceVersionDate "2018.08.24"]
[SourceQuality "1"]

1. d4 d5 2. c4 e6 3. Nf3 Nf6 4. g3 g6 5. Bg2 Bg7 6. 0-0 0-0 7. Qc2 Nc6 8. Rd1 Qe7 9. Bg5 h6 10. Bxf6 Qxf6 11. Nc3 Qd8 12. Qa4 Ne7 13. e4 dxe4 14. Nxe4 Nf5 15. c5 Bd7 16. Qc4 Bc6 17. Nc3 Bxf3 18. Bxf3 c6 19. Ne2 Qc7 20. Rd3 Rfd8 21. Rad1 Rd7 22. b4 a6 23. a4 Rad8 24. Be4 Ne7 25. Nc1 Nd5 26. b5 axb5 27. axb5 cxb5 28. Qxb5 Qc6 29. Qb3 b6 30. cxb6 Rb7 31. Ne2 Rxb6 32. Qa2 Ra6 33. Qb3 Qd6 34. Bxd5 Qxd5 35. Qxd5 Rxd5 36. Nf4 Rd8 37. d5 exd5 1/2-1/2